| 000 | 00372nam a2200157Ia 4500 | ||
|---|---|---|---|
| 003 | OSt | ||
| 005 | 20240412143425.0 | ||
| 008 | 170524s9999 xx 000 0 und d | ||
| 020 | _a0136571980 | ||
| 040 | _cIIMT UNIVERSITY | ||
| 100 | _aDecezo David | ||
| 245 | 0 | _aPersonnel Human Resource Management | |
| 260 |
_aNew Delhi _bPHI _c2008 |
||
| 300 | _a637 | ||
| 942 |
_2ddc _c02 |
||
| 999 |
_c3247 _d3247 |
||